Nowa Kolchida ... (Record no. 16909)

MARC details
000 -LEADER
fixed length control field 00805cam a22002531 4500
001 - CONTROL NUMBER
control field ca 32000249
003 - CONTROL NUMBER IDENTIFIER
control field DLC
005 - DATE AND TIME OF LATEST TRANSACTION
control field 20260227111126.0
008 - FIXED-LENGTH DATA ELEMENTS--GENERAL INFORMATION
fixed length control field 880523s1932 pl 000 0 pol
010 ## - LIBRARY OF CONGRESS CONTROL NUMBER
LC control number ca 32000249
035 ## - SYSTEM CONTROL NUMBER
System control number (OCoLC)17990514
040 ## - CATALOGING SOURCE
Original cataloging agency DLC
Transcribing agency MiDW
Modifying agency MiDW
-- DLC
042 ## - AUTHENTICATION CODE
Authentication code premarc
050 00 - LIBRARY OF CONGRESS CALL NUMBER
Classification number E169
Item number .G29
082 ## - DEWEY DECIMAL CLASSIFICATION NUMBER
Classification number 917.3
100 1# - MAIN ENTRY--PERSONAL NAME
Personal name Gąsiorowski, Wacław,
Dates associated with a name 1869-1939.
245 10 - TITLE STATEMENT
Title Nowa Kolchida ...
260 ## - PUBLICATION, DISTRIBUTION, ETC.
Place of publication, distribution, etc. Warszawa,
Name of publisher, distributor, etc. Dom książki polskiej, spółka akcyjna,
Date of publication, distribution, etc. 1932.
300 ## - PHYSICAL DESCRIPTION
Extent 324, [2] p.
Dimensions 21 cm.
500 ## - GENERAL NOTE
General note At head of title: Wacław Gąsiorowski (Wiesław Sclavus)
500 ## - GENERAL NOTE
General note "Odbito 2200 egzemplarzy numerowanych. No. 914."
651 #0 - SUBJECT ADDED ENTRY--GEOGRAPHIC NAME
Geographic name United States
General subdivision Social conditions
Chronological subdivision 1918-1932.
650 #0 - SUBJECT ADDED ENTRY--TOPICAL TERM
Topical term or geographic name entry element Labor and laboring classes
Geographic subdivision United States.

No items available.

Powered by Koha